000 01248nmc a2200397 a 4500
003 AR-BaBNM
005 20251128205755.0
008 168019s1992 ||||||||||||||000 | spa||
020 _a84-7043-684-8
040 _cAR-BaBNM
100 1 _aBarahona Arroyo, Jesusa
245 1 0 _aEducación infantil y primaria
_bdiseño curricular y programación
250 _a2ª ed.
260 _aMadrid
_bCCS
_c1992
300 0 _a146 p.
_bgráfs., il.
490 0 _aMateriales para la reforma
500 0 _aLos trabajos que integran este libro fueron premiados por la Federación Española de Religiosos de Enseñanza {FERE} en 1992
610 2 4 _aFederación Española de Religiosos de Enseñanza
650 4 _aCURRICULO
650 4 _aPLANIFICACION DEL CURRICULO
650 4 _aOBJETIVOS EDUCACIONALES
650 4 _aMEDIO CULTURAL
650 4 _aESPANOL
650 4 _aEDUCACION ARTISTICA
650 4 _aEDUCACION FISICA
650 4 _aMATEMATICA
651 4 _aEspaña
653 0 _aEDUCACION INICIAL
653 0 _aEDUCACION PRIMARIA
653 0 _aPROCESO DE ENSENANZA-APRENDIZAJE
653 0 _aAREAS CURRICULARES
700 1 _aAlvarez Justo, Regina
700 1 _aGarcía Rodríguez, Sixto Raúl
942 _cBK
998 _carturo
999 _c12762
_d12762